[Event "ch-Moscow Women 2017"]
[Site "Moscow RUS"]
[Date "2017.04.06"]
[Round "6.3"]
[White "Utiatskaja,Irina"]
[Black "Smirnova,Ek"]
[Result "0-1"]
[WhiteElo "2152"]
[BlackElo "2202"]

1.e4 e6 2.d4 d5 3.Nc3 Nf6 4.Bg5 Be7 5.e5 Nfd7 6.h4 h6 7.Be3 c5 8.Qg4 g6 9.dxc5
Nc6 10.O-O-O h5 11.Qg3 Ndxe5 12.Be2 Qa5 13.Bf4 Bf6 14.Bb5 Bd7 15.Bg5 Bg7
16.Nge2 O-O 17.Bxc6 Bxc6 18.Qf4 Nc4 19.Bf6 e5 20.Qg5 Qb4 21.Rd3 Qxb2+ 22.Kd1
Qa1+ 23.Nc1 Nd6 {#R} 0-1

[Event "ch-Moscow Women 2017"]
[Site "Moscow RUS"]
[Date "2017.04.06"]
[Round "6.4"]
[White "Fominykh,M"]
[Black "Alieva,A"]
[Result "1-0"]
[WhiteElo "2301"]
[BlackElo "2138"]

1.d4 Nf6 2.Nf3 g6 3.g3 Bg7 4.Bg2 O-O 5.O-O d5 6.c4 e6 7.Qc2 Ne4 8.Bf4 c6 9.Nc3
f5 10.Qc1 b6 11.Be5 Ba6 12.Bxg7 Kxg7 13.Ne5 Qd6 14.Nxe4 fxe4 15.f3 exf3
16.Bxf3 Nd7 17.c5 Nxc5 18.b4 Nd7 19.Qxc6 Qxc6 20.Nxc6 Bb5 21.Rfc1 Rfc8 22.Ne5
Nxe5 23.dxe5 Rxc1+ 24.Rxc1 Rf8 25.Bg4 Bc4 26.e4 Re8 27.a4 a5 28.b5 Kf7 29.Kf2
Ke7 30.Be2 Rc8 31.exd5 exd5 32.Ke3 Rc7 33.Kd4 Ke6 34.Bg4+ Ke7 35.h4 Rb7 36.Rc3
Rb8 37.Rf3 Rf8 38.Rxf8 Kxf8 39.Be6 Bb3 40.Bxd5 Bxa4 41.Bc4 Bd1 42.Kd5 Ke7
43.Kc6 a4 44.Kxb6 Bc2 45.Kc5 a3 46.Kb4 {#r} 1-0

[Event "ch-Moscow Women 2017"]
[Site "Moscow RUS"]
[Date "2017.04.06"]
[Round "6.6"]
[White "Kharmunova,N"]
[Black "Afanasieva,Alexandra"]
[Result "1-0"]
[WhiteElo "2156"]
[BlackElo "1950"]

1.f4 d5 2.Nf3 Nf6 3.g3 g6 4.Bg2 Bg7 5.d3 O-O 6.O-O c5 7.Nc3 Nc6 8.e4 d4 9.Ne2
e5 10.h3 Qe7 11.g4 exf4 12.Bxf4 Nd7 13.Qd2 Nde5 14.Bh6 Nxf3+ 15.Rxf3 Ne5
16.Rf2 Bd7 17.Raf1 Bc6 18.b4 b6 19.Bxg7 Kxg7 20.Nf4 Rad8 21.bxc5 bxc5 22.c3 c4
23.cxd4 Rxd4 24.Qb2 Rfd8 25.Ne2 Nxd3 26.Rxf7+ Qxf7 27.Rxf7+ Kxf7 28.Qc3 R4d6
29.e5 Nxe5 30.Qxe5 Rd1+ 31.Kf2 Bxg2 32.Kxg2 R1d2 33.Kf1 R8d3 34.Qc7+ Kf8
35.Qxc4 Rf3+ 36.Ke1 Rdd3 37.Qb4+ Kg7 38.Qe7+ Rf7 39.Qe5+ Kg8 40.Nd4 Rxh3
41.Ne6 Re7 42.Kf2 Ra3 43.Qb8+ Kf7 44.Ng5+ Kg7 45.Qb2+ Kh6 46.Qxa3 {#r} 1-0

[Event "ch-Moscow Women 2017"]
[Site "Moscow RUS"]
[Date "2017.04.06"]
[Round "6.11"]
[White "Kirchei,Viktoriia"]
[Black "Ilyina,Lada"]
[Result "0-1"]
[WhiteElo "1814"]
[BlackElo "1624"]

1.e4 e6 2.d3 d5 3.Nd2 Nf6 4.g3 c5 5.Bg2 Nc6 6.f4 Qc7 7.e5 Nd7 8.Ngf3 h6 9.c3
b6 10.a3 a5 11.c4 d4 12.Ne4 Ba6 13.Nfd2 b5 14.Qf3 Rc8 15.b3 Nb6 16.O-O Be7
17.Qg4 g6 18.Nf6+ Bxf6 19.exf6 Nd7 20.Ne4 a4 21.Rb1 Na5 22.Re1 Kd8 23.Qh4 Nf8
24.b4 Nb3 25.cxb5 Bxb5 26.Bf1 Bc6 27.Nd2 Bd5 28.Nxb3 axb3 29.f5 gxf5 30.Bxh6
Ng6 31.Qg5 Kd7 32.Bg7 Rhg8 33.Rec1 Qd6 34.bxc5 Rxc5 35.Be2 Rxc1+ 36.Qxc1 Rc8
37.Qd1 Qxa3 38.Ra1 Qc5 39.Rb1 Qc2 40.Kf1 b2 41.Qxc2 Rxc2 42.Bd1 Rxh2 43.Ba4+
Kc8 44.Kg1 Rh1+ {#R} 0-1

[Event "Karpos Open 2017"]
[Site "Skopje MKD"]
[Date "2017.04.06"]
[Round "7.2"]
[White "Cossin,S"]
[Black "Georgiev,Ki"]
[Result "0-1"]
[WhiteElo "2499"]
[BlackElo "2633"]

1.d4 Nf6 2.c4 e6 3.Nc3 Bb4 4.Nf3 d5 5.Qa4+ Nc6 6.Ne5 Bd7 7.Nxd7 Nxd7 8.cxd5
Nb6 9.Qb5 a6 10.Qd3 Qxd5 11.a3 Qb3 12.e3 e5 13.Be2 exd4 14.axb4 dxc3 15.bxc3
O-O 16.Rb1 Qe6 17.O-O Rfe8 18.c4 Rad8 19.Qc3 Qg6 20.Ra1 Nd4 21.Bd1 Ne6 22.Bc2
Qg4 23.Bd3 c5 24.f3 Qg5 25.Be4 cxb4 26.Qxb4 Qc5 27.Qb1 Nxc4 28.Bxh7+ Kh8
29.Be4 Nxe3 30.Ba3 Qg5 31.g3 Nxf1 32.Qxf1 Qh5 33.Bxb7 Rd2 34.h4 Qe5 {#R} 0-1

[Event "Karpos Open 2017"]
[Site "Skopje MKD"]
[Date "2017.04.06"]
[Round "7.6"]
[White "Kozul,Z"]
[Black "Brokken,D"]
[Result "0-1"]
[WhiteElo "2631"]
[BlackElo "2370"]

1.d4 d5 2.c4 c6 3.Nc3 Nf6 4.Nf3 e6 5.Bg5 h6 6.Bxf6 Qxf6 7.e3 g6 8.Qc2 Nd7 9.h4
Bg7 10.Be2 O-O 11.g4 Qe7 12.g5 h5 13.O-O b6 14.cxd5 exd5 15.Rad1 Re8 16.Ne1
Nf8 17.Ng2 Bh3 18.Rfe1 Bxg2 19.Kxg2 Rac8 20.Bd3 Qd7 21.f3 Re7 22.Qf2 Rce8
23.Bf1 f6 24.gxf6 Bxf6 25.e4 Rf7 26.exd5 Rxe1 27.Rxe1 cxd5 28.Bb5 Qd6 29.Qg3
Qb4 30.Re2 Qxd4 31.Bc6 Bxh4 32.Qh3 Rf5 33.Bxd5+ Kg7 34.Ne4 Qd1 35.Rd2 Rg5+
{#R} 0-1

[Event "Karpos Open 2017"]
[Site "Skopje MKD"]
[Date "2017.04.06"]
[Round "7.7"]
[White "Savchenko,B"]
[Black "Drazic,S"]
[Result "1-0"]
[WhiteElo "2636"]
[BlackElo "2431"]

1.e4 e6 2.d4 d5 3.Nc3 Bb4 4.a3 Bxc3+ 5.bxc3 dxe4 6.Qg4 Nf6 7.Qxg7 Rg8 8.Qh6
Rg6 9.Qh4 b6 10.Bg5 Bb7 11.Ne2 Nbd7 12.Nf4 Rg8 13.Bb5 c6 14.Be2 Qe7 15.Nh5 Rg6
16.Bxf6 Nxf6 17.Nxf6+ Qxf6 18.Qxe4 O-O-O 19.Bf3 Rd7 20.Qe3 c5 21.Bxb7+ Kxb7
22.O-O-O cxd4 23.Rxd4 Rxd4 24.cxd4 Qf5 25.g3 Rf6 26.f4 Qd5 27.Re1 Qa2 28.Qe4+
Ka6 29.Qd3+ Kb7 30.Re5 Qa1+ 31.Kd2 Rh6 32.h4 Rg6 33.d5 Qg1 34.dxe6 fxe6 35.Rh5
Rxg3 36.Rxh7+ Rg7 37.Qe4+ Ka6 38.Qd3+ Kb7 39.Qe4+ Ka6 40.Rxg7 Qxg7 41.h5 Qf6
42.Qe5 Qh4 43.Kc3 Qg4 44.Kb2 Qh3 45.Qh8 Qf5 46.Qc8+ Kb5 47.a4+ Kxa4 48.Qc4+
Ka5 49.Qc3+ Ka4 50.Qa3+ {#r} 1-0

[Event "Karpos Open 2017"]
[Site "Skopje MKD"]
[Date "2017.04.06"]
[Round "7.10"]
[White "Djukic,Ni"]
[Black "Bjerre,Jonas"]
[Result "1-0"]
[WhiteElo "2515"]
[BlackElo "2342"]

1.e4 c5 2.Nf3 e6 3.d4 cxd4 4.Nxd4 Nc6 5.Nc3 Qc7 6.g3 a6 7.Bg2 Nf6 8.O-O d6
9.a4 Be7 10.Be3 O-O 11.f4 Na5 12.Kh1 Bd7 13.g4 h6 14.g5 hxg5 15.fxg5 Nh7
16.Nf5 Bd8 17.Nxg7 Kxg7 18.Qh5 Be8 19.Qh6+ Kg8 20.e5 d5 21.Ne4 Qxc2 22.Rac1
Qd3 23.Rc3 Qxe4 24.Bxe4 dxe4 25.Rf4 Bxg5 26.Rg4 f6 27.Bxg5 fxg5 28.Rxg5+ Nxg5
29.Qxg5+ {#r} 1-0

[Event "Karpos Open 2017"]
[Site "Skopje MKD"]
[Date "2017.04.06"]
[Round "7.11"]
[White "Anurag,M"]
[Black "Gokerkan,Cem Kaan"]
[Result "1-0"]
[WhiteElo "2454"]
[BlackElo "2280"]

1.Nf3 Nf6 2.g3 d5 3.Bg2 e6 4.O-O Be7 5.d3 O-O 6.Nbd2 c5 7.e4 Nc6 8.Re1 Qc7
9.c3 dxe4 10.dxe4 e5 11.Qe2 h6 12.Nc4 Be6 13.Nh4 Nd7 14.Nf5 Bg5 15.Bxg5 hxg5
16.Qg4 Qd8 17.Red1 g6 18.Nce3 Qf6 19.Qf3 Rad8 20.Ng4 Qh8 21.Nd6 f5 22.exf5
gxf5 23.Nxb7 e4 24.Qe3 fxg4 25.Bxe4 Nce5 26.Nxd8 Rxd8 27.Rd6 Kf7 28.Qxg5 Qh3
29.Rxe6 Kxe6 30.Qxd8 Nf3+ 31.Bxf3 gxf3 32.Re1+ Kd5 33.Qxd7+ {#r} 1-0

[Event "Karpos Open 2017"]
[Site "Skopje MKD"]
[Date "2017.04.06"]
[Round "7.12"]
[White "Goryachkina,A"]
[Black "Papakonstantinou,Di1"]
[Result "1-0"]
[WhiteElo "2452"]
[BlackElo "2208"]

1.d4 Nf6 2.c4 g6 3.Nc3 Bg7 4.e4 d6 5.Nf3 O-O 6.h3 e5 7.d5 Nh5 8.g3 f5 9.exf5
gxf5 10.Nh4 Nf4 11.Bd2 Na6 12.Rg1 Ng6 13.Nxg6 hxg6 14.h4 Bd7 15.h5 Qf6 16.Be2
e4 17.hxg6 Nc5 18.Be3 Qxg6 19.Rh1 a5 20.Qd2 a4 21.Bh6 e3 22.Bxe3 a3 23.b4 Qf6
24.Rc1 Ne4 25.Nxe4 fxe4 26.Rh4 Bf5 27.Kf1 Qb2 28.Rc2 Qb1+ 29.Kg2 Ra4 30.Rh1
Qxb4 31.Qd1 c5 32.Bg4 Raa8 33.Bxf5 Rxf5 34.Qg4 Raf8 35.Bh6 R5f7 36.Bxg7 Rxg7
37.Qe6+ Rff7 38.Qxd6 e3 39.fxe3 Qa4 40.Qd8+ Rf8 41.Rh8+ Kxh8 42.Qxf8+ Kh7
43.Rc1 Qd7 44.Rh1+ Kg6 45.Qf4 {#r} 1-0

[Event "Karpos Open 2017"]
[Site "Skopje MKD"]
[Date "2017.04.06"]
[Round "7.13"]
[White "Kilic,Gokturk Kagan"]
[Black "Petrov,Martin"]
[Result "0-1"]
[WhiteElo "1762"]
[BlackElo "2438"]

1.e4 c5 2.Nf3 g6 3.d4 cxd4 4.Nxd4 Nc6 5.Be3 Nf6 6.Nc3 Bg7 7.f3 O-O 8.Qd2 d5
9.O-O-O dxe4 10.Nxc6 Qxd2+ 11.Bxd2 bxc6 12.Nxe4 Nxe4 13.fxe4 Bg4 14.Re1 Be6
15.b3 a5 16.a4 Be5 17.c4 Rfd8 18.Kc2 Rd7 19.Be3 Bd4 20.Bd3 Rad8 21.Bxd4 Rxd4
22.Rd1 Kg7 23.h3 Kf6 24.Rhf1+ Ke5 25.Kc3 c5 26.Rd2 f6 27.Rf3 h5 28.h4 Bg4
29.Rff2 Bc8 30.g3 Bb7 31.Rfe2 Bxe4 32.Bxe4 Rxd2 33.Re3 R2d4 34.Bd5+ Kd6
35.Re6+ Kd7 36.Rc6 Rg4 37.Rxc5 e6 38.Bb7 Rxg3+ 39.Kc2 Rb8 40.Ba6 Rbxb3 41.Rxa5
Rbf3 42.c5 Rf2+ {#R} 0-1

[Event "Karpos Open 2017"]
[Site "Skopje MKD"]
[Date "2017.04.06"]
[Round "7.18"]
[White "Berzinsh,R"]
[Black "Paszewski,M"]
[Result "1-0"]
[WhiteElo "2428"]
[BlackElo "2309"]

1.d4 d5 2.Bf4 Nf6 3.e3 c5 4.Nf3 Nc6 5.Nbd2 Qb6 6.dxc5 Qxb2 7.Rb1 Qc3 8.Bb5 e6
9.O-O Be7 10.Ne5 Bd7 11.Nd3 Qa5 12.c4 O-O 13.Bd6 Qd8 14.Ba4 Na5 15.Bxd7 Qxd7
16.Ne5 Qd8 17.Bxe7 Qxe7 18.Qa4 Nxc4 19.Ndxc4 dxc4 20.c6 bxc6 21.Nxc6 Qc5
22.Rb4 c3 23.Rc4 Qb6 24.Rxc3 Nd5 25.Rc4 Rfe8 26.Rfc1 h6 27.Qa3 Qb7 28.Qd6 Qb2
29.a3 Nb6 30.R4c2 Qb3 31.h3 Kh8 32.Ne5 Rf8 33.e4 Kg8 34.Nc6 Kh8 35.Kh2 Qa4
36.f3 Kg8 37.Ne7+ Kh7 38.Rc7 Rad8 39.Qc5 Rd7 40.Ng6 Rfd8 41.Nf8+ Rxf8 42.Qxf8
Qb5 43.Rxd7 Qxd7 44.Qc5 Kg8 45.Qc7 Qa4 46.Qd6 Qb3 47.Rc7 Nc4 48.Qb4 {#r} 1-0

[Event "Karpos Open 2017"]
[Site "Skopje MKD"]
[Date "2017.04.06"]
[Round "7.20"]
[White "Tomerlin,S"]
[Black "Rzayev,B"]
[Result "0-1"]
[WhiteElo "2216"]
[BlackElo "2391"]

1.Nf3 d5 2.g3 c5 3.Bg2 Nc6 4.d3 e5 5.O-O Nf6 6.Bg5 Be7 7.Nfd2 O-O 8.Nc3 Be6
9.e4 d4 10.Bxf6 Bxf6 11.Nd5 Bg5 12.f4 exf4 13.gxf4 Bh6 14.c4 dxc3 15.bxc3 Bxd5
16.exd5 Ne7 17.Qh5 f5 18.Qf3 Ng6 19.Qe3 Re8 20.Qxc5 Nxf4 21.Rxf4 Bxf4 22.Nc4
Qh4 23.d6 Bxh2+ 24.Kf1 Rad8 25.Qd5+ Kh8 26.a4 Bxd6 {#R} 0-1

[Event "Karpos Open 2017"]
[Site "Skopje MKD"]
[Date "2017.04.06"]
[Round "7.23"]
[White "Nikolic,N MNE"]
[Black "Veselinov,Dimcho"]
[Result "1-0"]
[WhiteElo "2379"]
[BlackElo "2181"]

1.f4 d5 2.Nf3 c5 3.e3 g6 4.d4 Bg7 5.c3 Nf6 6.Bd3 O-O 7.O-O Nbd7 8.Nbd2 Qc7
9.Ne5 b6 10.a4 a5 11.Qe2 Bb7 12.b3 Ne4 13.Nxe4 dxe4 14.Bc4 e6 15.Ba3 Nf6
16.Bb5 Rfd8 17.Rac1 Rac8 18.b4 Bf8 19.bxa5 bxa5 20.Rfd1 Qb8 21.Bxc5 Bxc5
22.dxc5 Rxc5 23.Rxd8+ Qxd8 24.c4 Qb6 25.Rd1 Rc8 26.Rd4 Rd8 27.c5 Qc7 28.Qd2
Rxd4 29.Qxd4 Bd5 30.g4 Qd8 31.g5 Nh5 32.c6 h6 33.Qa7 {#r} 1-0

[Event "Karpos Open 2017"]
[Site "Skopje MKD"]
[Date "2017.04.06"]
[Round "7.24"]
[White "Mecit,E"]
[Black "Stathopoulos,I"]
[Result "0-1"]
[WhiteElo "2065"]
[BlackElo "2377"]

1.e4 e5 2.Nf3 Nc6 3.Bb5 a6 4.Ba4 Nf6 5.O-O Be7 6.Re1 b5 7.Bb3 O-O 8.h3 Bb7
9.d3 d6 10.a4 Qd7 11.Nc3 Na5 12.Ba2 b4 13.Ne2 c5 14.Ng3 Kh8 15.c3 Bc6 16.cxb4
cxb4 17.b3 Rae8 18.Bb2 Bd8 19.Qd2 Qb7 20.Nf5 Qb8 21.Rac1 Bd7 22.Ng3 Bb6 23.d4
Nc6 24.Bb1 Qa7 25.dxe5 dxe5 26.Rxc6 Bxc6 27.Nf5 Rd8 28.Qg5 Ne8 29.Nxe5 Bxf2+
30.Kf1 Bxe1 31.Kxe1 Qg1+ 32.Ke2 Qd1+ 33.Kf2 Qd2+ {#R} 0-1

[Event "Polar Capital Jersey Open"]
[Site "St Clement Bay JCI"]
[Date "2017.04.06"]
[Round "7.3"]
[White "Klingher,Dominic"]
[Black "Rudd,J"]
[Result "0-1"]
[WhiteElo "2116"]
[BlackElo "2177"]

1.d3 e5 2.Nd2 f5 3.e4 Nf6 4.Ngf3 Nc6 5.Be2 Bc5 6.c3 d6 7.b4 Bb6 8.a4 a6 9.O-O
O-O 10.Nc4 Ba7 11.Qc2 Ne7 12.Ba3 Ng6 13.Rfd1 Nf4 14.Bf1 Qe8 15.b5 fxe4 16.dxe4
Qg6 17.b6 Nh3+ 18.Kh1 Nxe4 19.Rd2 Rxf3 20.gxh3 Bf5 21.Qa2 Nxd2 22.Nxd2+ Be6
23.Bc4 Rxf2 24.Bxe6+ Kh8 25.Rg1 Qd3 26.Bc1 Bxb6 27.Qc4 Rxd2 28.Qg4 Bxg1 {#R}
0-1

[Event "Polar Capital Jersey Open"]
[Site "St Clement Bay JCI"]
[Date "2017.04.06"]
[Round "7.5"]
[White "House,Glenn L"]
[Black "Pleasants,A"]
[Result "1-0"]
[WhiteElo "2211"]
[BlackElo "1982"]

1.Nf3 g6 2.g3 Bg7 3.Bg2 Nf6 4.O-O O-O 5.d3 d5 6.Nbd2 Nc6 7.e4 Rb8 8.Re1 Bg4
9.h3 Bxf3 10.Qxf3 Nd4 11.Qd1 dxe4 12.dxe4 Nd7 13.Nb3 Nb6 14.c3 Ne6 15.Qe2 c5
16.Be3 Qc7 17.a4 Nd7 18.f4 b6 19.Red1 Rbd8 20.a5 c4 21.axb6 axb6 22.Nd4 Nxd4
23.cxd4 b5 24.Rac1 Nb6 25.Qf2 Qd7 26.d5 Na4 27.e5 g5 28.Qc2 gxf4 29.gxf4 f6
30.e6 Qe8 31.f5 Qh5 32.d6 Rxd6 33.Rxd6 exd6 34.b3 cxb3 35.Qxb3 Kh8 36.Qxb5 Bh6
37.Bxh6 Qxh6 38.Re1 Rg8 39.e7 Nc3 40.Qc6 Qd2 41.e8=Q {#r} 1-0

[Event "Polar Capital Jersey Open"]
[Site "St Clement Bay JCI"]
[Date "2017.04.06"]
[Round "7.9"]
[White "Wojciechowski,Pa"]
[Black "Resnjanskij,D"]
[Result "0-1"]
[WhiteElo "1979"]
[BlackElo "2042"]

1.e4 c5 2.Nf3 e6 3.d4 cxd4 4.Nxd4 a6 5.Nc3 Qc7 6.Bd3 Nc6 7.Nxc6 dxc6 8.O-O e5
9.Bg5 Nf6 10.Qd2 h6 11.Bxf6 gxf6 12.f4 Be6 13.f5 Bd7 14.Kh1 b5 15.a4 b4 16.Nd1
a5 17.Ne3 h5 18.Bc4 Bc5 19.c3 Qb6 20.Rf3 Rd8 21.Qe2 Bc8 22.Nf1 Ke7 23.Nd2 h4
24.Nb3 Bd6 25.Rh3 Bb7 26.Rd1 Bc7 27.Rxd8 Bxd8 28.Qe1 bxc3 29.bxc3 Ba6 30.Bxa6
Qxb3 31.Bc8 Bc7 32.Ba6 Bd6 33.Qa1 Bc5 34.Bd3 Rd8 35.Rf3 Rb8 36.h3 Qb2 {#R} 0-1

[Event "Polar Capital Jersey Open"]
[Site "St Clement Bay JCI"]
[Date "2017.04.06"]
[Round "7.10"]
[White "Bryant,R"]
[Black "Hickman,J"]
[Result "0-1"]
[WhiteElo "1984"]
[BlackElo "1897"]

1.e4 d6 2.d4 Nf6 3.Nc3 g6 4.Be3 c6 5.Qd2 Nbd7 6.Be2 Bg7 7.Bh6 O-O 8.h4 Bxh6
9.Qxh6 e5 10.d5 Nc5 11.Bf3 cxd5 12.exd5 e4 13.Be2 Ng4 14.Qf4 h5 15.f3 exf3
16.gxf3 Ne5 17.Nh3 Bxh3 18.Rxh3 Re8 19.O-O-O Qa5 20.Qd4 b5 21.Bxb5 Reb8 22.f4
Ng4 23.Be2 Rb4 24.Qg1 Rab8 25.Bxg4 hxg4 26.Qxg4 Rxb2 27.h5 Qa3 28.Kd2 Rxc2+
29.Ke1 Rxc3 30.hxg6 Rxh3 31.gxf7+ Kxf7 32.Qf5+ Ke7 33.Qg5+ Kd7 34.Qf5+ Kc7
35.Qf7+ Kb6 36.Rb1+ Ka6 {#R} 0-1

[Event "Polar Capital Jersey Open"]
[Site "St Clement Bay JCI"]
[Date "2017.04.06"]
[Round "7.11"]
[White "Rosen,D"]
[Black "Webster,Jim J"]
[Result "1-0"]
[WhiteElo "2047"]
[BlackElo "1807"]

1.e4 c5 2.Nc3 Nc6 3.f4 g6 4.Nf3 Bg7 5.Bc4 e6 6.O-O a6 7.a4 Nge7 8.Qe1 O-O 9.d3
d6 10.Bd2 Bd7 11.Nd1 d5 12.Ba2 b5 13.Qf2 dxe4 14.dxe4 c4 15.Bc3 f6 16.Ne3 Qb8
17.Rad1 Rd8 18.Qh4 e5 19.fxe5 g5 20.Qf2 f5 21.exf5 Bxf5 22.Nxg5 Rxd1 23.Rxd1
Qa7 24.Nf3 Bg6 25.Kh1 Rf8 26.Qe2 Rf4 27.Nd5 Nxd5 28.Rxd5 Re4 29.Qd1 b4 30.Rd8+
Nxd8 31.Qxd8+ Bf8 32.Bxb4 Qf7 33.e6 {#r} 1-0

[Event "Polar Capital Jersey Open"]
[Site "St Clement Bay JCI"]
[Date "2017.04.06"]
[Round "7.13"]
[White "Morriss,P"]
[Black "Forbes,G"]
[Result "1-0"]
[WhiteElo "1972"]
[BlackElo "1898"]

1.c4 g6 2.Nc3 Bg7 3.g3 d6 4.Bg2 e5 5.e4 Nc6 6.Nge2 Nge7 7.O-O O-O 8.d3 Be6
9.Rb1 a5 10.Nd5 f5 11.Bg5 Bxd5 12.cxd5 Nd4 13.Nxd4 exd4 14.Qd2 Qd7 15.Rfe1 Bf6
16.h4 Bxg5 17.Qxg5 c6 18.h5 Kg7 19.exf5 Nxf5 20.g4 Kh8 21.gxf5 Rxf5 22.Qe7
Qxe7 23.Rxe7 Rxh5 24.Rbe1 cxd5 25.Re8+ Rxe8 26.Rxe8+ Kg7 27.Re7+ Kf6 28.Rxb7
Ke5 29.Rb5 Ke6 30.Rxa5 Re5 31.b4 h5 32.b5 Kd7 33.Ra7+ Kc8 34.Rg7 Re1+ 35.Kh2
Rd1 36.b6 Rd2 37.Bxd5 Rxf2+ 38.Kg3 Rb2 39.b7+ {#r} 1-0

[Event "3rd Ordu Open 2017"]
[Site "Ordu TUR"]
[Date "2017.04.06"]
[Round "4.1"]
[White "Haznedaroglu,K"]
[Black "Bajarani,U"]
[Result "1-0"]
[WhiteElo "2496"]
[BlackElo "2480"]

1.Nf3 d5 2.g3 g6 3.Bg2 Bg7 4.O-O c5 5.d4 cxd4 6.Nxd4 e5 7.Nb3 Ne7 8.c4 d4 9.e3
Nbc6 10.exd4 exd4 11.Bf4 O-O 12.Na3 a6 13.Qd2 Bf5 14.Rfe1 Re8 15.Nc5 Qb6
16.Na4 Qd8 17.c5 Nc8 18.Nc4 Be6 19.Nab6 Nxb6 20.Nxb6 Ra7 21.Bd6 a5 22.Nd5 b5
23.cxb6 {#r} 1-0

[Event "3rd Ordu Open 2017"]
[Site "Ordu TUR"]
[Date "2017.04.06"]
[Round "4.3"]
[White "Jojua,D"]
[Black "Malakhatko,V"]
[Result "0-1"]
[WhiteElo "2587"]
[BlackElo "2497"]

1.d4 d5 2.Bf4 Nf6 3.e3 c5 4.Nf3 e6 5.c3 Bd6 6.Bg3 O-O 7.Nbd2 b6 8.Bd3 Ba6
9.Bxa6 Nxa6 10.Ne5 Nb8 11.O-O Qc7 12.f4 Nc6 13.Bh4 Nd7 14.Qg4 Ne7 15.Rae1 Nf5
16.e4 Nxh4 17.Qxh4 cxd4 18.cxd4 Bb4 19.Rc1 Qb7 20.Ndf3 dxe4 21.Ng5 h6 22.Nc6
a5 23.Nxb4 axb4 24.Rce1 Nf6 25.Re3 Qd5 26.Rg3 Rfc8 27.Nh3 Qxd4+ 28.Kh1 Kf8
29.f5 e5 {#R} 0-1

[Event "3rd Ordu Open 2017"]
[Site "Ordu TUR"]
[Date "2017.04.06"]
[Round "4.8"]
[White "Miron,L"]
[Black "Iyti,B"]
[Result "1-0"]
[WhiteElo "2504"]
[BlackElo "2310"]

1.d4 b5 2.e4 Bb7 3.Bxb5 Bxe4 4.Nf3 Nf6 5.O-O e6 6.Re1 Be7 7.Bg5 c6 8.Bf1 Bxf3
9.Qxf3 Qa5 10.Bd2 Qb6 11.Qb3 d5 12.c4 O-O 13.c5 Qxb3 14.axb3 Ne4 15.Be3 e5
16.f3 exd4 17.Bf2 Nxf2 18.Rxe7 Nd1 19.Ra4 Ne3 20.Bd3 f5 21.Rxd4 f4 22.Rb4 Kh8
23.Rbb7 Rg8 24.Nc3 a5 25.Ne2 Na6 26.Bxa6 Rxa6 27.Nxf4 Nf5 28.Rf7 Nd4 29.Kf2 a4
30.Rb4 a3 31.bxa3 Re8 32.Rxd4 Rxa3 33.Rb4 Ra2+ 34.Kg3 Rc2 35.Rbb7 Rxc5 36.Rxg7
Rg8 37.Ng6+ {#r} 1-0

[Event "3rd Ordu Open 2017"]
[Site "Ordu TUR"]
[Date "2017.04.06"]
[Round "4.9"]
[White "Eminov,O"]
[Black "Wieczorek,O"]
[Result "1-0"]
[WhiteElo "2229"]
[BlackElo "2484"]

1.e4 c5 2.Nc3 e6 3.g3 d5 4.exd5 exd5 5.Bg2 Nf6 6.Nge2 d4 7.Ne4 Nxe4 8.Bxe4 Nc6
9.d3 Bd6 10.Nf4 O-O 11.O-O Bxf4 12.Bxf4 Be6 13.Qf3 Qd7 14.Rfe1 Bg4 15.Qh1 Rfe8
16.a3 Bh3 17.b4 cxb4 18.axb4 Nxb4 19.Reb1 Nc6 20.Rb5 Rac8 21.Rab1 b6 22.Rd5
Qe6 23.Rh5 Bg4 24.Rg5 Ne7 25.Re5 Qa2 26.Re1 Ng6 27.Bxg6 Rxe5 28.Bxh7+ Kxh7
29.Bxe5 Qe6 30.Qe4+ Bf5 31.Qxd4 f6 32.Qh4+ Kg8 33.Bc3 Qd5 34.Qh5 Qd7 35.Bb4
Be6 36.c4 a5 37.Ba3 Bg4 38.Qh4 Qf5 39.Re3 Rd8 40.Be7 Rd4 41.h3 g5 42.hxg4 Rxg4
43.Qh6 {#r} 1-0

[Event "ch-GER Women 2017"]
[Site "Bad Wiessee GER"]
[Date "2017.04.06"]
[Round "7.1"]
[White "Frey,Al"]
[Black "Schleining,Z"]
[Result "0-1"]
[WhiteElo "2055"]
[BlackElo "2346"]

1.e4 c5 2.Nf3 a6 3.c4 e6 4.Nc3 b6 5.Be2 Bb7 6.O-O Qc7 7.d4 cxd4 8.Nxd4 Nf6
9.f3 Be7 10.Be3 d6 11.Qd2 Nbd7 12.Rfc1 O-O 13.Rab1 Rac8 14.b4 Qb8 15.Kh1 Rfe8
16.Bf1 Bf8 17.Bf2 h6 18.a3 g6 19.Nb3 Kh7 20.a4 Ne5 21.c5 d5 22.exd5 exd5
23.Ne2 Nc4 24.Qc3 Bg7 25.Ned4 Qf4 26.Bg3 Qg5 27.f4 Qh5 28.Re1 Ne4 29.Qd3 bxc5
30.bxc5 Bxd4 31.Nxd4 Nxc5 32.Qc2 Na3 33.Qb2 Nxb1 34.Be2 Rxe2 35.Rxe2 Ne4
36.Be1 Ba8 37.Qxb1 Qg4 38.g3 Rc4 39.Rb2 Rxd4 40.Rb8 Qf3+ 41.Kg1 Rd1 42.Qb4
Qf2+ {#R} 0-1

[Event "ch-GER Women 2017"]
[Site "Bad Wiessee GER"]
[Date "2017.04.06"]
[Round "7.2"]
[White "Straub,N"]
[Black "Schneider,Jana"]
[Result "0-1"]
[WhiteElo "2188"]
[BlackElo "2208"]

1.Nf3 d5 2.c4 d4 3.d3 Nc6 4.g3 e5 5.Bg2 f5 6.O-O Nf6 7.e3 dxe3 8.Bxe3 Be7 9.d4
e4 10.Ne1 O-O 11.h3 Be6 12.b3 Qd7 13.Nc2 f4 14.Bxf4 Bxh3 15.Nc3 Rae8 16.d5 Nd8
17.b4 Bd6 18.Ne2 Nf7 19.Bxd6 cxd6 20.Bxh3 Qxh3 21.Nf4 Qc8 22.Ne6 Rxe6 23.dxe6
Qxe6 24.Kg2 Ng5 25.g4 Nh5 26.Rh1 Nf4+ 27.Kg1 Nfh3+ 28.Kg2 Rxf2+ 29.Kg3 Qe5+
{#R} 0-1

[Event "ch-GER Women 2017"]
[Site "Bad Wiessee GER"]
[Date "2017.04.06"]
[Round "7.3"]
[White "Michna,Mart"]
[Black "Schulze,Lara"]
[Result "1-0"]
[WhiteElo "2383"]
[BlackElo "2157"]

1.b4 d5 2.Bb2 Nf6 3.e3 c6 4.a3 Nbd7 5.Nf3 g6 6.c4 Bg7 7.cxd5 cxd5 8.d3 O-O
9.Be2 a5 10.Nbd2 Nb6 11.Nb3 a4 12.Nc5 Nfd7 13.Bxg7 Kxg7 14.O-O Nxc5 15.bxc5
Nd7 16.Qc2 b6 17.c6 Nc5 18.Rab1 Nb3 19.Nd2 Nxd2 20.Qxd2 f6 21.Qb4 Ba6 22.Rfc1
b5 23.d4 Qc7 24.Qc5 b4 25.Bxa6 Rxa6 26.Rxb4 Ra5 27.Rb5 Rxb5 28.Qxb5 e6 29.Qxa4
Rb8 30.Qc2 Rb6 31.h4 Kf7 32.h5 Kg7 33.hxg6 hxg6 34.Qc5 Ra6 35.g3 Kf7 36.Kg2
Kg7 37.a4 Kf7 38.a5 Ke8 39.Qb5 Rxa5 40.Qxa5 Qxa5 41.c7 {#r} 1-0

[Event "ch-GER Women 2017"]
[Site "Bad Wiessee GER"]
[Date "2017.04.06"]
[Round "7.4"]
[White "Osmanodja,F"]
[Black "Zimmer,Elke"]
[Result "1-0"]
[WhiteElo "2368"]
[BlackElo "1938"]

1.e4 e6 2.d4 d5 3.Nd2 Nf6 4.e5 Nfd7 5.Bd3 c5 6.c3 Nc6 7.Ne2 Nb6 8.O-O Bd7
9.Nf3 cxd4 10.cxd4 Be7 11.Bb1 Rc8 12.b3 h6 13.Nf4 Nb4 14.a3 Nc6 15.Qd2 Qc7
16.Nh5 Bf8 17.Ra2 Nd8 18.Rc2 Bc6 19.Rc3 Qd7 20.Re1 Bb5 21.Ree3 Qe7 22.Qc2 Rxc3
23.Rxc3 Bc6 24.Ne1 Nd7 25.Rf3 g6 26.Nf4 Nb6 27.a4 Rg8 28.Ned3 Nd7 29.Bd2 Nb8
30.Bb4 Qc7 31.Bxf8 Kxf8 32.Nc5 Ke7 33.Rh3 h5 34.Rc3 a5 35.Rg3 Be8 36.Qd2 Rh8
37.Nxg6+ fxg6 38.Qg5+ Kf8 39.Qf6+ {#r} 1-0

[Event "ch-GER Women 2017"]
[Site "Bad Wiessee GER"]
[Date "2017.04.06"]
[Round "7.8"]
[White "Mao,Yvonne"]
[Black "Henrichs,W"]
[Result "1-0"]
[WhiteElo "1762"]
[BlackElo "1973"]

1.e4 g6 2.d4 Bg7 3.Nf3 d6 4.Be3 Nd7 5.Nc3 c6 6.a4 Ngf6 7.h3 Qc7 8.Be2 O-O
9.O-O b6 10.Qd2 Bb7 11.Bh6 e5 12.Bxg7 Kxg7 13.Rad1 Rfe8 14.Ne1 Rad8 15.d5 cxd5
16.Nxd5 Nxd5 17.exd5 Nf6 18.c4 Bc8 19.b3 Ne4 20.Qb2 Kg8 21.Nd3 a5 22.Rfe1 f5
23.Rb1 Nc5 24.Nc1 f4 25.Bd3 f3 26.Be4 Nxe4 27.Rxe4 fxg2 28.Re3 Rf8 29.Kxg2 Rf5
30.Ne2 Rdf8 31.Rf1 Qd8 32.Rg3 Qh4 33.Nc3 Rg5 34.Rh1 Rh5 35.Qe2 Rf4 36.Qe3 Rhf5
37.Nd1 Rd4 38.Nc3 Qf4 39.Qxf4 exf4 40.Rf3 Rf6 41.Re1 g5 42.Re8+ Rf8 43.Rxf8+
Kxf8 44.Nb5 Rd1 45.Nxd6 Ke7 {#r} 1-0

[Event "ch-GER Women 2017"]
[Site "Bad Wiessee GER"]
[Date "2017.04.06"]
[Round "7.9"]
[White "Morosova,Svetlana"]
[Black "Hielscher,U"]
[Result "0-1"]
[WhiteElo "1674"]
[BlackElo "1796"]

1.d4 d5 2.e3 Nc6 3.f4 Nf6 4.Bd3 Nb4 5.Be2 Bf5 6.Na3 e6 7.Nf3 Be7 8.O-O O-O
9.c3 Na6 10.Ne5 h6 11.Nb1 Nb8 12.Nd2 Nbd7 13.Ndf3 c5 14.Bd2 Ne4 15.Nxd7 Qxd7
16.Ne5 Qc7 17.Bg4 Bxg4 18.Nxg4 Qb6 19.Rb1 Qa5 20.a3 cxd4 21.exd4 Rfc8 22.f5
Qb6 23.f6 Nxf6 24.Nxf6+ Bxf6 25.Rxf6 gxf6 26.Bxh6 f5 27.Qh5 e5 28.Rf1 Qg6
29.Qh3 Rc6 30.Be3 Rf6 31.Rf3 {#R} 0-1